Role of parasitoids and host plant tolerance in controlling the cabbage aphid, Brevicoryne brassicae(L.) (Homoptera : Aphididae) on canola at El-Minia Governorate- Egypt (Record no. 37244)
[ view plain ]
| 000 -LEADER | |
|---|---|
| fixed length control field | 01719cab a2200301Ia 45 0 |
| 001 - CONTROL NUMBER | |
| control field | u159761 |
| 003 - CONTROL NUMBER IDENTIFIER | |
| control field | SIRSI |
| 008 - FIXED-LENGTH DATA ELEMENTS--GENERAL INFORMATION | |
| fixed length control field | 100408s2008 ua ss b eng d |
| 040 ## - CATALOGING SOURCE | |
| Original cataloging agency | EAL |
| 041 ## - LANGUAGE CODE | |
| Language code of text/sound track or separate title | eng |
| Language code of summary or abstract | ara |
| 090 ## - LOCALLY ASSIGNED LC-TYPE CALL NUMBER (OCLC); LOCAL CALL NUMBER (RLIN) | |
| Classification number (OCLC) (R) ; Classification number, CALL (RLIN) (NR) | ART EJAR V86 NO3 9 |
| 100 1# - MAIN ENTRY--PERSONAL NAME | |
| Personal name | Tohamy, H.T. |
| 240 10 - UNIFORM TITLE | |
| Uniform title | Egyptian journal of agricultural research, 2008 v. 86 (3) |
| Medium | [electronic resource]. |
| 245 10 - TITLE STATEMENT | |
| Title | Role of parasitoids and host plant tolerance in controlling the cabbage aphid, Brevicoryne brassicae(L.) (Homoptera : Aphididae) on canola at El-Minia Governorate- Egypt |
| Medium | [electronic resource]. |
| 246 15 - VARYING FORM OF TITLE | |
| Title proper/short title | دور الطفيليات ومستويات التحمل الصنفية في مكافحة من الصليبيات علي محصول الكانولا في منطقة المنيا-مصر. |
| 300 ## - PHYSICAL DESCRIPTION | |
| Extent | p.931-941. |
| 504 ## - BIBLIOGRAPHY, ETC. NOTE | |
| Bibliography, etc. note | Includes reference. |
| 520 ## - SUMMARY, ETC. | |
| Summary, etc. | This study was carried out at El-Minia Governorate for the two successive seasons, 2005 and 2006 to evaluate the efficacy of the integration of parasitoids and host plant tolerance against the cabbage aphid, Brevicoryne brassicae (L.) in canola (rapeseed) fields. It was recorded two aphid peaks, the first was weak during the budding stage, and the second was severing during flowering growth stage (5195-4125 individuals/20 plants) in both seasons, respectively. |
| 546 ## - LANGUAGE NOTE | |
| Language note | Summary in arabic. |
| 596 ## - | |
| -- | 1 |
| 650 #0 - SUBJECT ADDED ENTRY--TOPICAL TERM | |
| Topical term or geographic name entry element | Canola. |
| 650 #0 - SUBJECT ADDED ENTRY--TOPICAL TERM | |
| Topical term or geographic name entry element | Cabbage aphid |
| General subdivision | Biological control. |
| 650 #0 - SUBJECT ADDED ENTRY--TOPICAL TERM | |
| Topical term or geographic name entry element | Parasitoids. |
| 700 1# - ADDED ENTRY--PERSONAL NAME | |
| Personal name | Elgantiry, Aziza M. |
| 700 1# - ADDED ENTRY--PERSONAL NAME | |
| Personal name | El-Khouly, M. I. |
| 773 0# - HOST ITEM ENTRY | |
| Title | Egyptian Journal of Agricultural Research. |
| Related parts | 2008.v.86 (3) |
| International Standard Serial Number | 0111-2675 |
| Control subfield | nnas |
| Record control number | u158585 |
| 856 40 - ELECTRONIC LOCATION AND ACCESS | |
| Uniform Resource Identifier | <a href="http://nile.enal.sci.eg/EALE/2008/EJAR/8608/3/931.pdf">http://nile.enal.sci.eg/EALE/2008/EJAR/8608/3/931.pdf</a> |
| Public note | Full Text Article |
| 942 ## - ADDED ENTRY ELEMENTS (KOHA) | |
| Koha item type | Articles |
| Source of classification or shelving scheme | Library of Congress Classification |
No items available.